000
00444nam a2200145Ia 4500
008
151213s9999 xx 000 0 und d
100
_a
শফি আহমেদ।
245
_a
বিশ্বকোষ।
_c
শফি আহমেদ।
260
_a
ঢাকা
_b
বাংলা একাডেমী।
300
_a
8843 p.
650
_a
Bangla
650
_a
বিশ্ব্
700
_a
শফি আহমেদ।
999
_c
4628
_d
4628